000 01074nam0a22002771 4500
001 v19\rc\1591223
005 20260406010820.0
035 _a(NLR Aleph) 005237892
090 _a5673611
_c5673611
100 _a20061002d1895 |||y0rusy50 ca
101 0 _arus
102 _aRU
105 _ay z |||a|
200 1 _aНа заре христианства
_eПо роману Льюиса Уоллеса о первых годах христианства рассказала С. Буре
210 _aСанкт-Петербург
_cТ.Ф. Кузин
_d1895
215 _a336 с.
_d17
700 1 _8rus
_7ca
_aБуре
_bС.
_cлитератор
_f19 в.
_3RU\NLR\AUTH\77116287
_999212
702 1 _4100
_8rus
_7ca
_aУоллес
_bЛ.
_cполит. деятель, писатель
_f1827-1905
_gЛью
_3RU\NLR\AUTH\7792352
_975279
801 0 _aRU
_bNLR
_c20061002
_gpsbo
801 0 _aRU
_bRuMoRGB
_c20061002
_2psbo
801 1 _aRU
_bProSoft-M
_c20061002
_2rusmarc
801 2 _aRU
_bNLR
_c20121022
_2rusmarc
852 _aNLR
_j18.285.6.61
942 _cBOOK
980 _aNB